<?xml version="1.0" encoding="UTF-8"?>
<record
    xmlns:xsi="http://www.w3.org/2001/XMLSchema-instance"
    xsi:schemaLocation="http://www.loc.gov/MARC21/slim http://www.loc.gov/standards/marcxml/schema/MARC21slim.xsd"
    xmlns="http://www.loc.gov/MARC21/slim">

  <leader>01498cam a22003378i 4500</leader>
  <datafield tag="952" ind1=" " ind2=" ">
    <subfield code="0">0</subfield>
    <subfield code="1">0</subfield>
    <subfield code="2">ddc</subfield>
    <subfield code="4">0</subfield>
    <subfield code="7">0</subfield>
    <subfield code="8">FOR</subfield>
    <subfield code="a">MES</subfield>
    <subfield code="b">MES</subfield>
    <subfield code="c">FOR </subfield>
    <subfield code="d">2022-01-05</subfield>
    <subfield code="e">41</subfield>
    <subfield code="g">490.00</subfield>
    <subfield code="l">4</subfield>
    <subfield code="m">4</subfield>
    <subfield code="o">363.2562 GUN/E</subfield>
    <subfield code="p">41341</subfield>
    <subfield code="r">2026-03-02 15:56:26</subfield>
    <subfield code="s">2026-02-16</subfield>
    <subfield code="v">490.00</subfield>
    <subfield code="w">2022-01-05</subfield>
    <subfield code="y">BK</subfield>
    <subfield code="z">GL51R2</subfield>
  </datafield>
  <datafield tag="999" ind1=" " ind2=" ">
    <subfield code="c">41392</subfield>
    <subfield code="d">41392</subfield>
  </datafield>
  <controlfield tag="001">20566775</controlfield>
  <controlfield tag="003">OSt</controlfield>
  <controlfield tag="005">20220103132853.0</controlfield>
  <controlfield tag="008">180627s2018    nju      b    001 0 eng c</controlfield>
  <datafield tag="010" ind1=" " ind2=" ">
    <subfield code="a">  2018024347</subfield>
  </datafield>
  <datafield tag="020" ind1=" " ind2=" ">
    <subfield code="a">978047075038 (pbk.)</subfield>
  </datafield>
  <datafield tag="040" ind1=" " ind2=" ">
    <subfield code="a">WaSeSS/DLC</subfield>
    <subfield code="b">eng</subfield>
    <subfield code="e">rda</subfield>
    <subfield code="c">WaSeSS</subfield>
  </datafield>
  <datafield tag="042" ind1=" " ind2=" ">
    <subfield code="a">pcc</subfield>
  </datafield>
  <datafield tag="050" ind1="0" ind2="0">
    <subfield code="a">QH313.5.F67</subfield>
    <subfield code="b">G86 2018</subfield>
  </datafield>
  <datafield tag="082" ind1="0" ind2="0">
    <subfield code="a">363.2562</subfield>
    <subfield code="2">23</subfield>
    <subfield code="b">GUN/E</subfield>
  </datafield>
  <datafield tag="100" ind1="1" ind2=" ">
    <subfield code="a">Gunn, Alan</subfield>
    <subfield code="e">author.</subfield>
    <subfield code="9">8955</subfield>
  </datafield>
  <datafield tag="245" ind1="1" ind2="0">
    <subfield code="a">Essential forensic biology /</subfield>
    <subfield code="c">Alan Gunn.</subfield>
  </datafield>
  <datafield tag="250" ind1=" " ind2=" ">
    <subfield code="a">Second edition.</subfield>
  </datafield>
  <datafield tag="264" ind1=" " ind2="1">
    <subfield code="a">Hoboken, NJ :</subfield>
    <subfield code="b">John Wiley &amp; Sons,</subfield>
    <subfield code="c">2009.</subfield>
  </datafield>
  <datafield tag="300" ind1=" " ind2=" ">
    <subfield code="a">424 pages </subfield>
  </datafield>
  <datafield tag="336" ind1=" " ind2=" ">
    <subfield code="a">text</subfield>
    <subfield code="2">rdacontent</subfield>
  </datafield>
  <datafield tag="337" ind1=" " ind2=" ">
    <subfield code="a">unmediated</subfield>
    <subfield code="2">rdamedia</subfield>
  </datafield>
  <datafield tag="338" ind1=" " ind2=" ">
    <subfield code="a">volume</subfield>
    <subfield code="2">rdacarrier</subfield>
  </datafield>
  <datafield tag="504" ind1=" " ind2=" ">
    <subfield code="a">Includes bibliographical references and index.</subfield>
  </datafield>
  <datafield tag="505" ind1="0" ind2=" ">
    <subfield code="a">The decay of human bodies -- The discovery and recovery of human remains -- Molecular biology -- Blood -- Saliva, semen, vitreous humor, urine, and faeces -- Human tissues -- Wounds -- Invertebrates 1 : biological aspects -- Invertebrates 2 : practical aspects -- Vertebrates -- Wildlife forensics -- Protists, fungi and plants -- Microbes and viruses.</subfield>
  </datafield>
  <datafield tag="650" ind1=" " ind2="0">
    <subfield code="a">Forensic biology.</subfield>
  </datafield>
  <datafield tag="776" ind1="0" ind2="8">
    <subfield code="i">Online version:</subfield>
    <subfield code="a">Gunn, Alan, author.</subfield>
    <subfield code="t">Essential forensic biology</subfield>
    <subfield code="b">Third edition.</subfield>
    <subfield code="d">Hoboken, NJ : John Wiley &amp; Sons, 2018</subfield>
    <subfield code="z">9781119141419</subfield>
    <subfield code="w">(DLC) 2018032407</subfield>
  </datafield>
  <datafield tag="906" ind1=" " ind2=" ">
    <subfield code="a">7</subfield>
    <subfield code="b">cbc</subfield>
    <subfield code="c">orignew</subfield>
    <subfield code="d">1</subfield>
    <subfield code="e">ecip</subfield>
    <subfield code="f">20</subfield>
    <subfield code="g">y-gencatlg</subfield>
  </datafield>
  <datafield tag="942" ind1=" " ind2=" ">
    <subfield code="2">ddc</subfield>
    <subfield code="c">BK</subfield>
    <subfield code="h">363.2562</subfield>
    <subfield code="i">GUN/E</subfield>
    <subfield code="k">363.2562</subfield>
    <subfield code="m">GUN/E</subfield>
  </datafield>
</record>
